000
00301nam a22001097a 4500
003
OSt
008
250108b |||||||| |||| 00| 0 eng d
041
_a
eng
245
_a
Package of Practices Recommendations 1981
260
_b
Director of Extension Education, Kerala Agricultural University
942
_c
BK
999
_c
18982
_d
18982